| 000 | 00400nam a2200169Ia 4500 | ||
|---|---|---|---|
| 001 | 30445 | ||
| 003 | IN-NITTTR | ||
| 005 | 20251114233411.0 | ||
| 008 | 251113s9999||||xx |||||||||||||| ||eng|| | ||
| 040 | _beng | ||
| 040 | _cIN-NITTTR | ||
| 041 | _aeng | ||
| 082 | _a891.433 P11J | ||
| 100 | _aPanigrahi, Baikuntha | ||
| 245 | 0 |
_aJhooth bolna kina jaroori / _cPanigrahi, Baikuntha |
|
| 942 |
_2ddc _cBK |
||
| 999 |
_c33073 _d33073 |
||